Cơ sở tạo hình kiến trúc /
Những quy luật cơ bản của nhận thức thị giác, các thành phần cơ bản trong ngôn ngữ tạo hình kiến trúc, cơ sở thiết kế bố cục tạo hình kiến trúc.
Uloženo v:
| Hlavní autor: | |
|---|---|
| Médium: | Kniha |
| Jazyk: | Vietnamese |
| Vydáno: |
Hà Nội :
Xây dựng,
1999.
|
| Témata: | |
| Tagy: |
Přidat tag
Žádné tagy, Buďte první, kdo otaguje tento záznam!
|
| Thư viện lưu trữ: | Mạng thư viện Đại học Đà Nẵng |
|---|
| LEADER | 01272cam a2200349 a 4500 | ||
|---|---|---|---|
| 001 | 000042669 | ||
| 003 | 543 | ||
| 005 | 20180104163442.0 | ||
| 008 | 010217b1999 vm 000 vie | ||
| 020 | |c 27000 | ||
| 040 | |a IRC |c IRC |d IRC | ||
| 041 | 0 | |a vie | |
| 082 | 1 | 4 | |a 720.284 |b ĐĂ-Q |
| 100 | 1 | |a Đặng Đức Quang, |c PTS.KTS. | |
| 245 | 1 | 0 | |a Cơ sở tạo hình kiến trúc / |c Đặng Đức Quang. |
| 260 | |a Hà Nội : |b Xây dựng, |c 1999. | ||
| 300 | |a 228 tr. ; |c 27 cm. | ||
| 520 | 3 | |a Những quy luật cơ bản của nhận thức thị giác, các thành phần cơ bản trong ngôn ngữ tạo hình kiến trúc, cơ sở thiết kế bố cục tạo hình kiến trúc. | |
| 630 | 0 | 4 | |a Kiến trúc. |
| 650 | 0 | 4 | |a Kiến trúc |x Tạo hình. |
| OWN | |a DUT | ||
| AVA | |a UDN50 |b DUT |c Book |d 720.284 ĐĂ-Q |e available |t Error 5001 Not defined in file expand_doc_bib_avail. |f 2 |g 0 |h N |i 2 |j SH |k 1 | ||
| 999 | |a From the UDN01 | ||
| AVA | |a UDN50 |b DUT |c Book |d 720.284 ĐĂ-Q |e available |t Error 5001 Not defined in file expand_doc_bib_avail. |f 2 |g 0 |h N |i 2 |j SH |k 1 | ||
| TYP | |a Monograph | ||
| TYP | |a Printed language | ||
| 980 | |a Mạng thư viện Đại học Đà Nẵng | ||